00514nam a2200169Ia 450000500170000000800410001702000150005808200130007310000190008624500360010526000400014130000130018150000340019494200060022895200950023499900150032920250616001517.0240331s9999 xx 000 0 und d a9552013208 bSENa306 aSenaratne, P.M 0aSri Lankave sanskruthika dayada aColombobS. Godage & Brothersc1995 a339 p ., aSri Lanka's Cultural Heritage cL 001040708LaWERCLbWERCLcSSCd2024-03-31l0o 306 SENp3826r2024-03-31w2024-03-31yL c2119d2119